Religion Quiz

Random Religion or Church Quiz

'E' in Religion Quiz Stats

 Plays Quiz not verified by Sporcle

Score 0/12 Timer 03:00
4 Plays Today
Question Answer Wrong Answers
Biblical Paradise Eden
90.7%
Edom
1.7%
Elam
0.6%
Even
1.4%
Ancient Greek god of love and desire Eros
88.8%
Eris
2.9%
Eru
1.7%
Era
1.4%
In Christianity, the act of spreading the Gospel Evangelism
86.3%
Ecclesiastes
2.9%
Episcopalism
2.7%
Epistemology
2.3%
Sacrament in most Christian denominations Eucharist
83%
Eutychianism
2.1%
Euler
1.3%
Eulogy
7.4%
Book of the Pentateuch Exodus
75.8%
Ezekiel
9.9%
Ezra
4.7%
Esther
3.7%
Lengthy composition detailing mythological exploits Epic
72.4%
Epoch
17%
Eparch
2.6%
Ephor
2%
Commentary on or interpretation of a religious text Exegesis
65.4%
Exeunt
6.7%
Execration
16.7%
Exuberance
4.6%
Theology of the end times Eschatology
63.7%
Escapology
7.9%
Endocrinology
7.7%
Endorheism
14.9%
Buddhist concept of Śūnyatā Emptiness
56.2%
Ease
14.9%
Enthusiasm
13%
Elegance
10.3%
Citrus fruit central to the Jewish celebration of Sukkot Etrog
36.1%
Egot
45.5%
Ergo
6.3%
Eggnog
6.3%
God of death in Altaic mythologies Erlik
27.5%
Erika
10.2%
Enkidu
35.8%
Ekpe
20.3%
Small wooden prayer cards in Shinto & Japanese Buddhism Ema
24.5%
Eva
3.7%
Edo
47.8%
Elo
18.3%

You're not logged in!

Compare scores with friends on all Sporcle quizzes.
OR
Log In

Show Comments

Extras

Top Quizzes Today


Score Distribution

Your Account Isn't Verified!

In order to create a playlist on Sporcle, you need to verify the email address you used during registration. Go to your Sporcle Settings to finish the process.

Report this User

Report this user for behavior that violates our Community Guidelines.

Details: